African Heads of State/Government (Executives) - Statistics

General Stats
  • This quiz has been taken 19 times
    7 since last reset
  • The average score is 36 of 54
Answers on the Map
Answers color-coded by a green-red scale on the quiz's map according to % correct below.
 
Answer Stats
Answer % Correct
Abdel Fattah el-Sisi (President)
100%
Abiy Ahmed (Prime Minister)
100%
Cyril Ramaphosa (President)
100%
Ibrahim Traoré (Interim President)
100%
Paul Kagame (President)
100%
Alassane Ouattara (President)
80%
Andry Rajoelina (President)
80%
Assimi Goïta (Interim President)
80%
Bassirou Diomaye Faye (President)
80%
Brahim Ghali (Polisario Front)
80%
Brice Oligui Nguema (Transitional President)
80%
Emmerson Mnangagwa (President)
80%
Félix Tshisekedi (President)
80%
Isaias Afwerki (President)
80%
João Lourenço (President)
80%
Kaïs Saïed (President)
80%
Mamady Doumbouya (Interim President)
80%
Mswati III (Ngwenyama)
80%
Netumbo Nandi-Ndaitwah (President)
80%
Paul Biya (President)
80%
Salva Kiir Mayardit (President)
80%
William Ruto (President)
80%
Yoweri Museveni (President)
80%
Abdel Fattah al-Burhan (Chairman of the Transitional Sovereignty Council)
60%
Abdelmadjid Tebboune (President)
60%
Abdourahamane Tchiani (President of the National Council for the Safeguard of the Homeland)
60%
Adama Barrow (President)
60%
Azali Assoumani (President)
60%
Daniel Chapo (President)
60%
Denis Sassou Nguesso (President)
60%
Évariste Ndayishimiye (President)
60%
Faustin-Archange Touadéra (President)
60%
Ismaïl Omar Guelleh (President)
60%
Lazarus Chakwera (President)
60%
Mahamat Déby (President)
60%
Mohamed Ould Ghazouani (President)
60%
Navin Ramgoolam (Prime Minister)
60%
Patrice Talon (President)
60%
Samia Suluhu Hassan (President)
60%
Teodoro Obiang Nguema Mbasogo (President)
60%
Ulisses Correia e Silva (Prime Minister)
60%
Umaro Sissoco Embaló (President)
60%
Victoire Tomegah Dogbé (Prime Minister)
60%
Wavel Ramkalawan (President)
60%
Bola Tinubu (President)
40%
Duma Boko (President)
40%
Hakainde Hichilema (President)
40%
Hamza Abdi Barre (Prime Minister)
40%
John Dramani Mahama (President)
40%
Joseph Boakai (President)
40%
Julius Maada Bio (President)
40%
Osama Hammad (Prime Minister)
40%
Patrice Trovoada (Prime Minister)
40%
Sam Matekane (Prime Minister)
40%
No matching quizzes found
Score Distribution
Percent of People with Each Score
Percentile by Number Answered
Your Score History
You have not taken this quiz since the last reset